[Event "SF Neuenkirchen 1 - Brühler SK 1"]
[Site "NRW-Klasse, Gruppe 1 2016/201"]
[Date "2016.12.11"]
[Round "4.2"]
[White "Buendgen, Achim"]
[Black "Keller, Thomas"]
[Result "1/2-1/2"]
[WhiteElo "2161"]
[BlackElo "2240"]
[Annotator "Hausrath,Daniel"]
[PlyCount "81"]
[EventDate "2016.??.??"]
[WhiteTeam "SF Neuenkirchen 1"]
[BlackTeam "Brühler SK 1"]

1. e4 c5 2. b3 b6 3. Bb2 Bb7 4. Nc3 d6 5. Nf3 Nd7 6. d4 cxd4 7. Qxd4 e5 8. Qe3
Ngf6 9. Bc4 Be7 10. Rd1 O-O 11. Bd5 Nxd5 12. Nxd5 Bxd5 13. Rxd5 Qc7 14. c4 Nf6
15. Rd2 b5 16. cxb5 Qb7 17. Re2 d5 $11 18. O-O dxe4 19. Nxe5 Qxb5 20. Nc4 a5
21. Bxf6 Bxf6 22. Qxe4 a4 23. Qc2 axb3 24. axb3 Rfd8 25. Re3 Rd4 26. Rfe1 g6
27. g3 Kg7 28. Rd3 Ra6 29. Rxd4 Bxd4 30. Qd3 Qc5 31. Ne3 Ra2 32. Rb1 Bxe3 33.
Qxe3 Qxe3 34. fxe3 Re2 35. b4 Rxe3 36. Kf2 Re7 37. h4 Kf6 38. Rb3 Rb7 39. Rf3+
Ke5 40. Rf4 f5 41. Ke3 1/2-1/2

[Event "SF Neuenkirchen 1 - Brühler SK 1"]
[Site "NRW-Klasse, Gruppe 1 2016/201"]
[Date "2016.12.11"]
[Round "4.3"]
[White "Schaefer, Juergen"]
[Black "Vos, Thomas"]
[Result "0-1"]
[WhiteElo "2196"]
[BlackElo "2180"]
[PlyCount "114"]
[EventDate "2016.??.??"]
[WhiteTeam "Brühler SK 1"]
[BlackTeam "SF Neuenkirchen 1"]

1. e4 Nc6 2. Nc3 e6 3. Nf3 d5 4. Bb5 Bb4 5. a3 Ba5 6. O-O Nge7 7. b4 Bb6 8. Bb2
O-O 9. Bd3 Ng6 10. Ne2 e5 11. Ng3 d4 12. Bc4 Nf4 13. d3 Qf6 14. Bc1 Bg4 15.
Bxf4 exf4 16. Ne2 Bxf3 17. gxf3 Ne5 18. Kh1 Nxf3 19. Ng1 Ne5 20. Nf3 Nxc4 21.
dxc4 c5 22. Qd3 Rfe8 23. Rg1 g6 24. Rg5 Rac8 25. b5 Qe6 26. Re5 Qh3 27. Rd5
Rcd8 28. Rg1 Rxd5 29. cxd5 c4 30. Qe2 d3 31. cxd3 cxd3 32. Qxd3 Bxf2 33. Rd1
Be3 34. Ng1 Qg4 35. Rf1 f3 36. Nxf3 Qxe4 37. Qxe4 Rxe4 38. Rd1 Kf8 39. d6 Ke8
40. Rd5 f6 41. d7+ Kd8 42. Rd6 Bc5 43. Rxf6 Kxd7 44. a4 Ke7 45. Rf7+ Kxf7 46.
Ng5+ Ke7 47. Nxe4 Bb4 48. Kg2 Ke6 49. Kf3 h6 50. Nf2 Bd6 51. h3 Kd5 52. Ng4 h5
53. Nf6+ Kc4 54. Ke4 Kb4 55. Kd5 Be7 56. Nd7 Kxa4 57. Kc4 g5 0-1

[Event "SF Neuenkirchen 1 - Brühler SK 1"]
[Site "NRW-Klasse, Gruppe 1 2016/201"]
[Date "2016.12.11"]
[Round "4.4"]
[White "Hachmeister, Dirk"]
[Black "Schiffer, Stefan"]
[Result "1/2-1/2"]
[WhiteElo "2147"]
[BlackElo "2168"]
[PlyCount "48"]
[EventDate "2016.??.??"]
[WhiteTeam "SF Neuenkirchen 1"]
[BlackTeam "Brühler SK 1"]

1. c4 Nf6 2. Nf3 e6 3. b3 Be7 4. Bb2 b6 5. g3 Bb7 6. Bg2 O-O 7. O-O c5 8. Nc3
Nc6 9. d4 Nxd4 10. Nxd4 Bxg2 11. Kxg2 cxd4 12. Qxd4 Qc7 13. e4 Qc6 14. f3 Bc5
15. Qd3 Rfd8 16. Rfd1 a6 17. Rac1 Be7 18. e5 Ne8 19. Qe4 Qc7 20. Qe2 Qb7 21.
Ne4 d6 22. exd6 Nxd6 23. Nxd6 Bxd6 24. Rd3 Be7 1/2-1/2

[Event "SF Neuenkirchen 1 - Brühler SK 1"]
[Site "NRW-Klasse, Gruppe 1 2016/201"]
[Date "2016.12.11"]
[Round "4.5"]
[White "Haskelman, Evgen"]
[Black "Seegers, Hendrik"]
[Result "0-1"]
[WhiteElo "2170"]
[BlackElo "2132"]
[PlyCount "110"]
[EventDate "2016.??.??"]
[WhiteTeam "Brühler SK 1"]
[BlackTeam "SF Neuenkirchen 1"]

1. e4 d5 2. exd5 Nf6 3. c4 c6 4. d4 cxd5 5. Nc3 e6 6. Nf3 Be7 7. cxd5 Nxd5 8.
Bc4 O-O 9. O-O b6 10. Nxd5 exd5 11. Bd3 Bg4 12. Bf4 h6 13. Rc1 Bd6 14. Qd2 Bxf3
15. gxf3 Qf6 16. Bxd6 Qxd6 17. Qc3 Rd8 18. Qc7 Qxc7 19. Rxc7 Nd7 20. Re1 Kf8
21. Bf5 Nf6 22. Ree7 Ne8 23. Rxf7+ Kg8 24. Rce7 Rd6 25. Rxa7 Rxa7 26. Rxa7 Rf6
27. Bg4 Rc6 28. Bd7 Rc1+ 29. Kg2 Nc7 30. Rb7 b5 31. Rb8+ Kf7 32. Rc8 b4 33. a4
bxa3 34. bxa3 Rc4 35. f4 Ke7 36. Bg4 Nb5 37. Rg8 Kf7 38. Rd8 Rxd4 39. Ra8 Rxf4
40. Bf3 Ke6 41. a4 Nc7 42. Rg8 Rxa4 43. Rxg7 Rc4 44. Rh7 Ke5 45. Rxh6 d4 46. h4
d3 47. h5 Ne6 48. Rh8 d2 49. h6 Kf6 50. Kg3 Rc3 51. h7 Rxf3+ 52. Kg2 Kg7 53.
Re8 Rf8 54. Re7+ Kh8 55. Rd7 Rd8 0-1

[Event "SF Neuenkirchen 1 - Brühler SK 1"]
[Site "NRW-Klasse, Gruppe 1 2016/201"]
[Date "2016.12.11"]
[Round "4.6"]
[White "Scho, Christian"]
[Black "Peters, Alex"]
[Result "0-1"]
[WhiteElo "2072"]
[BlackElo "2207"]
[PlyCount "144"]
[EventDate "2016.??.??"]
[WhiteTeam "SF Neuenkirchen 1"]
[BlackTeam "Brühler SK 1"]

1. Nf3 e6 2. c4 b6 3. g3 Bb7 4. Bg2 Nf6 5. O-O Be7 6. b3 O-O 7. Bb2 d6 8. Nc3
Nbd7 9. d4 Ne4 10. Nxe4 Bxe4 11. Ne1 Bxg2 12. Nxg2 Nf6 13. Rc1 c5 14. Qd3 Qc7
15. Qf3 Rac8 16. Ne3 cxd4 17. Bxd4 Qc6 18. Qxc6 Rxc6 19. Bb2 Rfc8 20. Nc2 R6c7
21. Ne3 Kf8 22. Rfd1 Ne4 23. Kg2 Rc6 24. Nc2 R6c7 25. Ne3 a6 26. f3 Nc5 27. f4
f5 28. Kf3 Ne4 29. g4 g6 30. gxf5 gxf5 31. Rd3 b5 32. Rg1 Bh4 33. Ba3 Be7 34.
Bb2 Bh4 35. Ba3 Rc6 36. Bb2 Bf2 37. Rg7 Bxe3 38. Kxe3 bxc4 39. bxc4 R8c7 40.
Rxc7 Rxc7 41. Kd4 Rc5 42. Ra3 Rc6 43. Rh3 Kg7 44. Rb3 Kg6 45. Ba3 Kf6 46. Rb7
h5 47. Rh7 Kg6 48. Re7 Kf6 49. Rh7 Nd2 50. Rh6+ Kf7 51. Rxh5 Nxc4 52. Rh3 Nb6
53. Rb3 Nd5 54. e3 Kg6 55. Rb8 Nxe3 56. Bxd6 Ng4 57. Be5 Nxh2 58. Kd3 Ng4 59.
Bd4 Nf6 60. Bxf6 Kxf6 61. Kd4 Rc2 62. a3 Re2 63. Rf8+ Ke7 64. Ra8 Re4+ 65. Kc5
Ra4 66. Ra7+ Kf6 67. Kd6 Rxa3 68. Ra8 Rd3+ 69. Kc7 Rf3 70. Rxa6 Rxf4 71. Kd7
Rd4+ 72. Ke8 f4 0-1

[Event "SF Neuenkirchen 1 - Brühler SK 1"]
[Site "NRW-Klasse, Gruppe 1 2016/201"]
[Date "2016.12.11"]
[Round "4.7"]
[White "Gramb, Marius"]
[Black "Beckmann, Klaus"]
[Result "1/2-1/2"]
[WhiteElo "2055"]
[BlackElo "2083"]
[Annotator "Hausrath,Daniel"]
[PlyCount "45"]
[EventDate "2016.??.??"]
[WhiteTeam "Brühler SK 1"]
[BlackTeam "SF Neuenkirchen 1"]

1. d4 Nf6 2. c4 e6 3. g3 d5 4. Nf3 Be7 5. Bg2 O-O 6. O-O dxc4 7. Qc2 a6 8. a4
Bd7 9. Qxc4 Bc6 10. Ne5 Bxg2 11. Kxg2 Qd5+ 12. Qxd5 exd5 $11 13. Bg5 h6 14.
Bxf6 Bxf6 15. Nf3 a5 16. Nc3 c6 17. Ra3 Na6 18. Rb3 Nb4 19. Ra1 Rfe8 20. e3 Ra7
21. Ne1 Be7 22. Na2 Rea8 23. Rc3 1/2-1/2

[Event "SF Neuenkirchen 1 - Brühler SK 1"]
[Site "NRW-Klasse, Gruppe 1 2016/201"]
[Date "2016.12.11"]
[Round "4.8"]
[White "Stoeckmann, Helmut"]
[Black "Hanrahan, William"]
[Result "1-0"]
[WhiteElo "1987"]
[BlackElo "2003"]
[Annotator "Hausrath,Daniel"]
[PlyCount "115"]
[EventDate "2016.??.??"]
[WhiteTeam "SF Neuenkirchen 1"]
[BlackTeam "Brühler SK 1"]

1. c4 Nf6 2. Nc3 g6 3. e4 d6 4. g3 Bg7 5. Bg2 c5 6. Nge2 Nc6 7. d3 O-O 8. O-O
Bg4 9. f3 Bd7 10. Be3 Rb8 11. Qd2 Ne5 12. h3 a6 13. f4 Nc6 14. d4 cxd4 15. Nxd4
Qc8 16. Nxc6 bxc6 17. Kh2 Qb7 18. b3 Rfd8 $11 19. Rac1 Qb4 20. Rfd1 Qa5 21. Nd5
Qxd2 22. Nxf6+ Bxf6 23. Bxd2 Be8 24. c5 Bb2 25. Rc2 Ba3 26. Ba5 Rdc8 27. Bf1
Ra8 28. b4 dxc5 29. Rxc5 Bb2 30. e5 f6 31. Rc2 fxe5 32. Rxb2 exf4 33. gxf4 c5
34. bxc5 Rxc5 35. Rd8 Rxd8 36. Bxd8 e5 37. fxe5 Rxe5 38. Re2 Rxe2+ 39. Bxe2 Bb5
40. Bd1 Kg7 41. Bb3 h6 42. Kg3 Bd3 43. a3 g5 44. Bd5 Kg6 45. Kf3 Kf5 46. Bf7
Bf1 47. Kg3 Be2 48. Be8 h5 49. Bd7+ Kg6 50. Kf2 Bd1 51. Ke3 Bb3 52. Kd4 Bd1 53.
Ke5 Bc2 54. Be7 Bd3 55. Be8+ Kh6 56. Bf8+ Kh7 57. Bxh5 Bc2 58. Kf6 1-0

[Event "PSV Duisburg 1 - SVG Plettenberg 1"]
[Site "NRW-Klasse, Gruppe 1 2016/201"]
[Date "2016.12.11"]
[Round "4.1"]
[White "Haub, Thorsten Michael"]
[Black "Wengenroth, Walter"]
[Result "1/2-1/2"]
[WhiteElo "2383"]
[BlackElo "2225"]
[PlyCount "55"]
[EventDate "2016.??.??"]
[WhiteTeam "SVG Plettenberg 1"]
[BlackTeam "PSV Duisburg 1"]

1. g3 d5 2. Bg2 Nf6 3. d3 c5 4. Nf3 e6 5. O-O Be7 6. Nbd2 O-O 7. e4 Nc6 8. Re1
b5 9. a4 b4 10. e5 Ne8 11. Nf1 Nc7 12. h4 f5 13. exf6 Bxf6 14. Ne3 e5 15. Nh2
Qd6 16. Neg4 Kh8 17. Nxf6 gxf6 18. c3 Rg8 19. Be3 bxc3 20. bxc3 d4 21. cxd4
cxd4 22. Bc1 Be6 23. Ba3 Qd7 24. Qf3 Nd5 25. Rac1 Nce7 26. Rc4 Nf5 27. Bc1 Rab8
28. Rc5 1/2-1/2

[Event "PSV Duisburg 1 - SVG Plettenberg 1"]
[Site "NRW-Klasse, Gruppe 1 2016/201"]
[Date "2016.12.11"]
[Round "4.2"]
[White "Heisel, Guido"]
[Black "Bosch, Jeroen"]
[Result "0-1"]
[WhiteElo "2088"]
[BlackElo "2353"]
[Annotator "Hausrath,Daniel"]
[PlyCount "68"]
[EventDate "2016.??.??"]
[WhiteTeam "PSV Duisburg 1"]
[BlackTeam "SVG Plettenberg 1"]

1. d4 Nf6 2. Bg5 c5 3. d5 e5 4. dxe6 fxe6 5. e4 Nc6 6. Nc3 Be7 7. Nf3 O-O 8.
Bd3 h6 9. Bh4 e5 10. Bc4+ Kh8 11. h3 d6 12. g4 $11 Nd4 13. Nd2 Rb8 14. a4 Nh7
15. Bg3 Bh4 16. Nd5 Bxg3 17. fxg3 Ng5 18. Ra3 a6 19. h4 Nh7 20. c3 Nc6 21. Qe2
Bd7 22. Nf1 b5 23. axb5 axb5 24. Bxb5 Nd4 25. cxd4 Bxb5 26. Qd2 exd4 27. g5 Qe8
28. Qg2 Bc6 29. Kd1 Bxd5 30. exd5 Qb5 31. gxh6 gxh6 32. Nd2 Qxb2 33. Ra7 d3 34.
Qe4 Qc2+ 0-1

[Event "PSV Duisburg 1 - SVG Plettenberg 1"]
[Site "NRW-Klasse, Gruppe 1 2016/201"]
[Date "2016.12.11"]
[Round "4.3"]
[White "Klip, Hans"]
[Black "Kretschmann, Thomas"]
[Result "1-0"]
[WhiteElo "2311"]
[BlackElo "2104"]
[PlyCount "83"]
[EventDate "2016.??.??"]
[WhiteTeam "SVG Plettenberg 1"]
[BlackTeam "PSV Duisburg 1"]

1. e4 e5 2. Bc4 Nc6 3. Nf3 Be7 4. O-O Nf6 5. d3 d6 6. a4 O-O 7. a5 a6 8. Re1
Bg4 9. h3 Be6 10. Nc3 Nd4 11. Be3 c5 12. Nd2 Nc6 13. Nb3 Qd7 14. Bg5 Ne8 15.
Bd2 Nc7 16. Na4 Rae8 17. Nb6 Qd8 18. f4 exf4 19. Bxf4 Bf6 20. c3 Be5 21. Bxe5
Nxe5 22. Bxe6 fxe6 23. d4 cxd4 24. cxd4 Ng6 25. Rc1 Nb5 26. Qg4 Rf4 27. Qg3 Qf6
28. Rcd1 Qf7 29. e5 d5 30. Rf1 Rf8 31. Rxf4 Nxf4 32. Kh2 h6 33. Rf1 g5 34. Rf3
Qh7 35. Qf2 Qf5 36. Nd7 Rc8 37. Nbc5 Rc7 38. Nf6+ Kh8 39. Nh5 Rf7 40. Nxf4 gxf4
41. Nd3 Qe4 42. Nxf4 1-0

[Event "PSV Duisburg 1 - SVG Plettenberg 1"]
[Site "NRW-Klasse, Gruppe 1 2016/201"]
[Date "2016.12.11"]
[Round "4.4"]
[White "Sirringhaus, Wilfried"]
[Black "Schulze, Marc"]
[Result "1/2-1/2"]
[WhiteElo "2104"]
[BlackElo "2179"]
[PlyCount "132"]
[EventDate "2016.??.??"]
[WhiteTeam "PSV Duisburg 1"]
[BlackTeam "SVG Plettenberg 1"]

1. e4 c5 2. Nf3 g6 3. c3 Bg7 4. d4 cxd4 5. cxd4 d5 6. exd5 Nf6 7. Nc3 Nxd5 8.
Qb3 Nb6 9. a4 O-O 10. a5 Be6 11. Qd1 Nd5 12. a6 Nxa6 13. Bxa6 bxa6 14. Qa4 Nxc3
15. bxc3 Bd5 16. O-O Qc8 17. Ba3 Bxf3 18. gxf3 Re8 19. Bc5 Qh3 20. Qc6 e5 21.
Rfe1 Rac8 22. Qe4 Bh6 23. Qg4 Qxg4+ 24. fxg4 Bd2 25. Red1 Bxc3 26. Rxa6 exd4
27. Bxa7 Ra8 28. Ra3 Re4 29. h3 Re1+ 30. Rxe1 Bxe1 31. Kf1 Bc3 32. Ke2 d3+ 33.
Kxd3 Bb4 34. Rb3 Rxa7 35. Rxb4 Ra3+ 36. Ke4 Rxh3 37. Rb7 Kg7 38. f4 h6 39. g5
Rh1 40. gxh6+ Rxh6 41. Ra7 Rh3 42. Rb7 Rh4 43. Ke5 Rh1 44. Ke4 Rh7 45. Ke5 Rh8
46. Ke4 Rf8 47. Ra7 Kh6 48. Ra1 f6 49. Kf3 Rb8 50. Ra6 Rb3+ 51. Kg2 f5 52. Rc6
Kh5 53. Kf2 Kg4 54. Rxg6+ Kxf4 55. Rf6 Rb2+ 56. Kf1 Ke4 57. Ra6 f4 58. Ra3 Rd2
59. Rb3 Kf5 60. Ra3 Kg4 61. Rb3 Rh2 62. Ra3 Rh1+ 63. Kg2 Rb1 64. Rg3+ Kh4 65.
Rh3+ Kg5 66. Ra3 Rb2+ 1/2-1/2

[Event "PSV Duisburg 1 - SVG Plettenberg 1"]
[Site "NRW-Klasse, Gruppe 1 2016/201"]
[Date "2016.12.11"]
[Round "4.5"]
[White "Bouaraba, Max"]
[Black "Sponheim, Marko"]
[Result "1/2-1/2"]
[WhiteElo "2185"]
[BlackElo "1989"]
[PlyCount "41"]
[EventDate "2016.??.??"]
[WhiteTeam "SVG Plettenberg 1"]
[BlackTeam "PSV Duisburg 1"]

1. d4 Nf6 2. Bf4 d6 3. e3 g6 4. c4 Bg7 5. Nc3 O-O 6. Be2 b6 7. Bf3 c6 8. h4 h5
9. Nh3 Ng4 10. Bg3 e5 11. dxe5 dxe5 12. Qxd8 Rxd8 13. O-O Be6 14. Rfd1 Rc8 15.
Ne4 f6 16. b3 Bf8 17. Nd6 Rd8 18. Nb7 Rc8 19. Nd6 Rd8 20. Nb7 Rc8 21. Nd6
1/2-1/2

[Event "PSV Duisburg 1 - SVG Plettenberg 1"]
[Site "NRW-Klasse, Gruppe 1 2016/201"]
[Date "2016.12.11"]
[Round "4.6"]
[White "Brueggemann, Josef"]
[Black "Pieper, Dawid"]
[Result "0-1"]
[WhiteElo "1945"]
[BlackElo "2157"]
[PlyCount "64"]
[EventDate "2016.??.??"]
[WhiteTeam "PSV Duisburg 1"]
[BlackTeam "SVG Plettenberg 1"]

1. e4 e5 2. Nf3 Nc6 3. Bc4 Bc5 4. b4 Bxb4 5. c3 Bd6 6. O-O Nf6 7. d4 O-O 8. Bg5
Be7 9. Nbd2 d6 10. Rb1 h6 11. Bh4 Rb8 12. Bd3 Bg4 13. Qa4 Nd7 14. Bxe7 Qxe7 15.
d5 Nc5 16. Qa3 Nxd3 17. dxc6 b6 18. c4 Nc5 19. Rfe1 a5 20. Re3 Qe8 21. Nb3 Nxb3
22. Rexb3 Qxc6 23. c5 Bxf3 24. gxf3 dxc5 25. Rd3 Rbd8 26. Rbd1 Rd4 27. Rxd4
exd4 28. Qc1 Rd8 29. Qf4 c4 30. Kh1 d3 31. a4 c3 32. Qe5 Qf6 0-1

[Event "PSV Duisburg 1 - SVG Plettenberg 1"]
[Site "NRW-Klasse, Gruppe 1 2016/201"]
[Date "2016.12.11"]
[Round "4.7"]
[White "Jansen, Dirk Norbert"]
[Black "Spitzer, Erwin"]
[Result "1-0"]
[WhiteElo "2090"]
[BlackElo "1915"]
[PlyCount "93"]
[EventDate "2016.??.??"]
[WhiteTeam "SVG Plettenberg 1"]
[BlackTeam "PSV Duisburg 1"]

1. e4 e5 2. Nf3 f5 3. Nxe5 Qf6 4. Nc4 fxe4 5. Nc3 Qf7 6. Ne3 Nf6 7. Bc4 Qg6 8.
d3 Bb4 9. O-O Bxc3 10. bxc3 d6 11. Re1 Kd8 12. Rb1 h5 13. h4 Rf8 14. Rb5 Bd7
15. Rg5 Qh7 16. dxe4 Qxe4 17. Rxg7 Ne8 18. Bd3 Qc6 19. Rg5 Qxc3 20. Nd5 Qc5 21.
Qe2 Nc6 22. Nxc7 Ne5 23. Nxa8 Qb4 24. Rxe5 dxe5 25. Qxe5 Qd6 26. Bg5+ Kc8 27.
Qxd6 Nxd6 28. Be7 Re8 29. Bg6 Rg8 30. Bh7 Rg7 31. Bxd6 Rxh7 32. Nc7 Rh6 33. Bf4
Rc6 34. Nd5 Rxc2 35. Rc1 Rxc1+ 36. Bxc1 Be6 37. Nc3 Bc4 38. f3 b5 39. a3 a5 40.
Kf2 Kd7 41. Ke3 b4 42. axb4 axb4 43. Ne4 Ke6 44. Ng3 Kd5 45. Nxh5 Bf1 46. Nf4+
Kc4 47. h5 1-0

[Event "PSV Duisburg 1 - SVG Plettenberg 1"]
[Site "NRW-Klasse, Gruppe 1 2016/201"]
[Date "2016.12.11"]
[Round "4.8"]
[White "Hehlke, Oliver"]
[Black "Kuhnen, Thomas"]
[Result "1-0"]
[WhiteElo "1762"]
[BlackElo "2057"]
[PlyCount "79"]
[EventDate "2016.??.??"]
[WhiteTeam "PSV Duisburg 1"]
[BlackTeam "SVG Plettenberg 1"]

1. d4 Nf6 2. c4 g6 3. Nc3 Bg7 4. e4 d6 5. f3 O-O 6. Be3 e5 7. d5 Nh5 8. Qd2 f5
9. O-O-O f4 10. Bf2 a6 11. Kb1 Rf7 12. Bd3 Bd7 13. Nge2 c5 14. dxc6 Be6 15. c7
Qxc7 16. Nd5 Bxd5 17. cxd5 Nd7 18. Qb4 Nc5 19. Rd2 Nf6 20. Nc1 Rc8 21. Be2 b6
22. Nb3 Bf8 23. Rc1 Nfd7 24. Rdd1 g5 25. Bd3 Qa7 26. Na1 Nf6 27. Qd2 Rfc7 28.
Nc2 Nfd7 29. h4 gxh4 30. Bxh4 Nxd3 31. Qxd3 Nc5 32. Qd2 a5 33. g3 fxg3 34. Rg1
Rg7 35. Ne3 Rcc7 36. Nf5 Rg6 37. Rxg3 Na4 38. Rcg1 Kf7 39. Rxg6 hxg6 40. Qg5
1-0

[Event "SF Katernberg 2 - SF Lieme 1"]
[Site "NRW-Klasse, Gruppe 1 2016/201"]
[Date "2016.12.11"]
[Round "4.1"]
[White "Essing, Arnold"]
[Black "Kolago, Marcin"]
[Result "1-0"]
[WhiteElo "2186"]
[BlackElo "2331"]
[PlyCount "119"]
[EventDate "2016.??.??"]
[WhiteTeam "SF Lieme 1"]
[BlackTeam "SF Katernberg 2"]

1. d4 g6 2. Nc3 Bg7 3. e4 c6 4. Bc4 d6 5. Nf3 Nf6 6. e5 dxe5 7. Nxe5 O-O 8. O-O
Nbd7 9. Bg5 Nb6 10. Bb3 a5 11. a4 Nfd5 12. Bh4 Be6 13. Re1 Nd7 14. Nxd7 Qxd7
15. Ne4 b6 16. c3 Ra7 17. Ng5 Bf5 18. h3 Qd6 19. Bg3 Qd8 20. Nf3 Qc8 21. Ne5
Be6 22. Qf3 Bf6 23. Rad1 Rd8 24. c4 Nb4 25. d5 Bd7 26. dxc6 Be6 27. Rxd8+ Qxd8
28. c5 bxc5 29. Bxe6 fxe6 30. Nd7 Nd5 31. Rxe6 Rxd7 32. cxd7 Qxd7 33. Re2 Nb6
34. b3 c4 35. bxc4 Nxa4 36. Qd5+ Qxd5 37. cxd5 Nc3 38. Rd2 a4 39. d6 exd6 40.
Rxd6 Ne2+ 41. Kf1 Nxg3+ 42. fxg3 Bb2 43. Ra6 a3 44. Ra7 h5 45. Ke2 Kf8 46. Kd3
Ke8 47. Kc4 Kd8 48. Kb4 Ke8 49. Kc5 Kd8 50. Kc6 Ke8 51. Kd6 Kf8 52. Ke6 Kg8 53.
Ra8+ Kg7 54. h4 g5 55. Kf5 gxh4 56. gxh4 Bc1 57. Ra7+ Kh6 58. g3 Bb2 59. Ra6+
Kg7 60. Kg5 1-0

[Event "SF Katernberg 2 - SF Lieme 1"]
[Site "NRW-Klasse, Gruppe 1 2016/201"]
[Date "2016.12.11"]
[Round "4.2"]
[White "Wessendorf, Thomas"]
[Black "Wittke, Rene"]
[Result "1/2-1/2"]
[WhiteElo "2218"]
[BlackElo "2192"]
[PlyCount "82"]
[EventDate "2016.??.??"]
[WhiteTeam "SF Katernberg 2"]
[BlackTeam "SF Lieme 1"]

1. e4 c5 2. Nf3 e6 3. d4 cxd4 4. Nxd4 a6 5. Nc3 Qc7 6. g3 Nf6 7. Bg2 Be7 8. O-O
Nc6 9. Re1 d6 10. Nxc6 bxc6 11. e5 dxe5 12. Rxe5 O-O 13. Bf4 Bd6 14. Rxe6 Bxf4
15. Rxc6 Qe7 16. Rxf6 Qxf6 17. Bxa8 Be5 18. Ne4 Qg6 19. Bd5 Bxb2 20. Rb1 Be5
21. Qf3 Kh8 22. Qe3 Rd8 23. c4 f5 24. Ng5 f4 25. Nf7+ Qxf7 26. Qxe5 Qg6 27. Be4
Re8 28. Bxg6 Rxe5 29. Rb8 hxg6 30. Rxc8+ Kh7 31. gxf4 Ra5 32. Kg2 Rxa2 33. Kf3
a5 34. c5 a4 35. Ke4 a3 36. Ra8 Rc2 37. Kd5 a2 38. h4 Rxf2 39. c6 Rd2+ 40. Ke6
Rc2 41. Kd6 Rd2+ 1/2-1/2

[Event "SF Katernberg 2 - SF Lieme 1"]
[Site "NRW-Klasse, Gruppe 1 2016/201"]
[Date "2016.12.11"]
[Round "4.3"]
[White "Schaffarczyk, Andre"]
[Black "Rosen, Bernd"]
[Result "1/2-1/2"]
[WhiteElo "2095"]
[BlackElo "2216"]
[PlyCount "62"]
[EventDate "2016.??.??"]
[WhiteTeam "SF Lieme 1"]
[BlackTeam "SF Katernberg 2"]

1. e4 e6 2. d4 d5 3. Nc3 Nf6 4. e5 Nfd7 5. f4 c5 6. Nf3 Be7 7. Be3 O-O 8. Qd2
b6 9. Be2 Nc6 10. O-O Bb7 11. Nd1 f5 12. exf6 Nxf6 13. Kh1 Ne4 14. Qe1 Bd6 15.
g3 Qe7 16. Nf2 Nxf2+ 17. Bxf2 cxd4 18. Bb5 g5 19. Bxc6 Bxc6 20. Nxg5 e5 21.
fxe5 Qxg5 22. exd6 Rae8 23. Qb4 d3 24. cxd3 d4+ 25. Kg1 Qh5 26. Bxd4 Bd5 27.
Rae1 Rxf1+ 28. Rxf1 Qe2 29. Rf2 Qd1+ 30. Rf1 Qe2 31. Rf2 Qd1+ 1/2-1/2

[Event "SF Katernberg 2 - SF Lieme 1"]
[Site "NRW-Klasse, Gruppe 1 2016/201"]
[Date "2016.12.11"]
[Round "4.4"]
[White "Bee, Marcus"]
[Black "Stork, Holger"]
[Result "1/2-1/2"]
[WhiteElo "2117"]
[BlackElo "2092"]
[PlyCount "41"]
[EventDate "2016.??.??"]
[WhiteTeam "SF Katernberg 2"]
[BlackTeam "SF Lieme 1"]

1. Nf3 Nf6 2. c4 b6 3. g3 Bb7 4. Bg2 e6 5. O-O Be7 6. d4 O-O 7. Nc3 Ne4 8. Nxe4
Bxe4 9. Nh4 Bxg2 10. Nxg2 d5 11. Qa4 dxc4 12. Qxc4 c5 13. dxc5 Bxc5 14. Bf4 Qe7
15. a3 Rc8 16. Qe4 Nd7 17. b4 Nf6 18. Qe5 Nd7 19. Qe4 Nf6 20. Qe5 Nd7 21. Qe4
1/2-1/2

[Event "SF Katernberg 2 - SF Lieme 1"]
[Site "NRW-Klasse, Gruppe 1 2016/201"]
[Date "2016.12.11"]
[Round "4.5"]
[White "Niermann, Tristan"]
[Black "Gassmann, Volker"]
[Result "1-0"]
[WhiteElo "2131"]
[BlackElo "2117"]
[PlyCount "111"]
[EventDate "2016.??.??"]
[WhiteTeam "SF Lieme 1"]
[BlackTeam "SF Katernberg 2"]

1. d4 Nf6 2. c4 c5 3. d5 e5 4. Nc3 d6 5. g3 g6 6. Bg2 Bg7 7. e4 a6 8. Nge2 O-O
9. O-O Nbd7 10. h3 Rb8 11. Qd3 Ne8 12. Be3 b5 13. cxb5 axb5 14. Nxb5 Ba6 15. a4
Qb6 16. Nec3 Nc7 17. b4 Nxb5 18. axb5 Bxb5 19. Nxb5 Qxb5 20. Qxb5 Rxb5 21. Ra6
Rd8 22. bxc5 Nxc5 23. Rc6 Nb3 24. Rb1 Nd4 25. Rxb5 Nxb5 26. Bb6 Rd7 27. Bf1 Nd4
28. Ba6 Bf8 29. Bc8 Re7 30. Rxd6 Re8 31. Rd8 Rxd8 32. Bxd8 Bd6 33. Bf6 Kf8 34.
f4 Ne2+ 35. Kf2 Nc1 36. Kf3 exf4 37. gxf4 Nd3 38. e5 Be7 39. Bh8 Nc5 40. Ke3
Na4 41. d6 Bh4 42. Bb7 Nc5 43. Bc6 Ne6 44. Bf6 Bg3 45. d7 Bxf4+ 46. Kf2 Bh2 47.
Bd5 Bxe5 48. Bxe5 Ke7 49. Bxe6 fxe6 50. Kg3 Kxd7 51. Kg4 Kc6 52. Kg5 Kd5 53.
Bf6 Ke4 54. h4 e5 55. Bg7 Kd5 56. Kh6 1-0

[Event "SF Katernberg 2 - SF Lieme 1"]
[Site "NRW-Klasse, Gruppe 1 2016/201"]
[Date "2016.12.11"]
[Round "4.6"]
[White "Kaeding, Rainer"]
[Black "Schulte, Oliver"]
[Result "1-0"]
[WhiteElo "2117"]
[BlackElo "2038"]
[Annotator "Hausrath,Daniel"]
[PlyCount "81"]
[EventDate "2016.??.??"]
[WhiteTeam "SF Katernberg 2"]
[BlackTeam "SF Lieme 1"]

1. d4 Nf6 2. Nf3 e6 3. c4 d5 4. Nc3 Nbd7 5. cxd5 exd5 6. Bg5 Be7 7. e3 c6 8.
Qc2 O-O 9. Bd3 Re8 10. O-O Ne4 11. Bxe4 dxe4 12. Nxe4 f6 13. Bf4 Nf8 14. Ned2
g5 15. Bg3 h5 16. h3 Be6 17. Rad1 Qd7 18. Nb3 b6 19. e4 Bf7 20. Rfe1 Rad8 21.
Re3 c5 22. d5 Ng6 23. Nbd2 g4 24. hxg4 hxg4 25. Nh4 Nxh4 26. Bxh4 f5 27. Bxe7
Rxe7 28. Ree1 Rde8 29. Qc1 fxe4 $11 30. Nc4 Bg6 31. Qg5 Kg7 32. d6 Re6 33. Qxg4
R6e7 34. Rxe4 Qxg4 35. Rxg4 Re1+ 36. Rxe1 Rxe1+ 37. Kh2 Kf6 38. Ne3 Be8 39. Re4
Kf7 40. Re7+ Kf8 41. Rxa7 1-0

[Event "SF Katernberg 2 - SF Lieme 1"]
[Site "NRW-Klasse, Gruppe 1 2016/201"]
[Date "2016.12.11"]
[Round "4.7"]
[White "Stukenbrok, Nils"]
[Black "Villwock, Martin"]
[Result "1-0"]
[WhiteElo "1969"]
[BlackElo "2087"]
[PlyCount "109"]
[EventDate "2016.??.??"]
[WhiteTeam "SF Lieme 1"]
[BlackTeam "SF Katernberg 2"]

1. d4 Nf6 2. c4 c5 3. d5 e6 4. Nc3 exd5 5. cxd5 d6 6. g3 g6 7. Bg2 Bg7 8. Nf3
O-O 9. O-O a6 10. a4 Re8 11. Re1 Ne4 12. Nxe4 Rxe4 13. Nd2 Rb4 14. Qc2 Nd7 15.
Ra2 b5 16. a5 c4 17. Ne4 Ne5 18. Bg5 f6 19. Bd2 Rb3 20. Bc3 Qe7 21. Nc5 dxc5
22. d6 Qa7 23. f4 Bf5 24. e4 Be6 25. fxe5 fxe5 26. Rd1 b4 27. Be1 Rd3 28. Raa1
Rd8 29. Bf2 R8xd6 30. Rxd3 Rxd3 31. Bf1 b3 32. Qc1 Bf8 33. Bxd3 cxd3 34. Qc3
Qd7 35. Be3 c4 36. Qxe5 Bg7 37. Qb8+ Qc8 38. Qxc8+ Bxc8 39. Rb1 Bxb2 40. Rxb2
c3 41. Rxb3 d2 42. Bxd2 cxd2 43. Rd3 Bb7 44. e5 Kf7 45. Rxd2 Ke6 46. Kf2 Kxe5
47. Rd7 Bd5 48. Rxh7 Kf6 49. Ke3 Bc4 50. Rc7 Bb5 51. Rb7 Bf1 52. h4 Ke6 53. g4
Bc4 54. Rb6+ Kf7 55. Kf4 1-0